01010nam a2200241Ia 4500003000400000005001700004008004100021020001800062040001800080041000800098082002200106100002900128245013800157250001200295260004700307300003000354650006700384650006200451700002900513942003600542999001900578952017100597OSt20250602104319.0210716s2012 xx 000 0 und d a9788120345508 cAIMIT LIBRARY aeng a658.409321bSEIL aSwiwert, Lothar.9212173 aEffective time management: busing microsoft outlook to organize your work and personal life /cBy Lothar Seiwert and Holger Woeltje. a1st ed. aNew Delhi :bPHI Learning Pvt Ltd ,c2012. axviii,248p. ;bPBc23 cm. aHow to work more effectively with tasks and priorities9212174 aHow to make your daily planning work in real life9212175 aWoeltje, Holger.9212176 2ddccBKe1st ed.k658.4093 SEIL c207632d207632 00102ddc40708MBAaAIMITbAIMITcKIMd2012-11-13g350.00iBill no:ABK 599; Bill dt:2012-10l0o658.4093 SEILpMBA10198r2025-07-21 00:00:00v280.00w2021-07-16yBK